| 000 | 00642nam a22002175i 4500 | ||
|---|---|---|---|
| 001 | 171712 | ||
| 003 | ES-MaACL | ||
| 005 | 20250822035250.0 | ||
| 008 | 090526s1968 sp |||| | cat d | ||
| 080 | _a301.151(04) | ||
| 100 | 1 |
_aSoler Corrales, J. _9140356 |
|
| 245 | 1 | 0 |
_aPsicología i societat / _cJosep Soler Corrales. |
| 250 | _a[1ª ed.]. | ||
| 260 |
_aBarcelona : _bBruguera, _c1968. |
||
| 300 |
_a108 p. ; _c18 cm. |
||
| 490 | 1 |
_aQuaderns de Cultura ; _v43 |
|
| 650 | 1 | 7 |
_aPsicología social _2embne _916573 |
| 830 | 0 |
_aQuaderns de Cultura ; _v43 _9181826 |
|
| 852 |
_aES-MaACL _jC-34277 _9R.65098 |
||
| 999 |
_c171712 _d171712 |
||